000 01460nam a2200373 i 4500
001 10821
003 KOSZ 005
005 20200210085701.0
008 080326s1965 pl a f f 001 0 pol
015 _aPB 1965/7431
040 _aWA N
_cKOSZ 005/RW
_dKOSZ 005/RW
_dKOSZ 005/HR
041 1 _apol
_hrus
080 _a53
080 _a(083.1)
100 1 _aKarâkin, Nikolaj Ivanovič.
_eAutor
245 1 0 _aPoradnik fizyczny /
_cN. I. Kariakin, K. N. Bystrow, P. S. Kiriejew ; [tł. Marian Hilsberg, Jerzy Koźmiński].
246 1 _iTyt. oryg.:
_aKratkij spravočnik po fizike.
260 _aWarszawa :
_bWydawnictwa Naukowo-Techniczne,
_c1965.
300 _a626 s. :
_bil. ;
_c23 cm.
380 _aKsiążki.
388 _a1901-
504 _aBibliogr. s. [617]-618. Indeks.
521 8 _aDla magistrów, inżynierów, wykładowców szkół średnich i techników i dla studentów wyższych szkół technicznych.
658 _aFizyka i astronomia
650 4 _aFizyka
655 4 _aPoradnik
700 1 _aBystrov, Konstantin Nikolaevič.
_eAutor
700 1 _aKireev, Petr Semenovič.
_eAutor
710 2 _aWydawnictwa Naukowo-Techniczne
_4pbl.
700 1 _aKoźmiński, Jerzy
_c(inżynier)
_eTłumaczenie
700 1 _aHilsberg, Marian
_eTłumaczenie
856 _uhttp://koha.tu.koszalin.pl/cgi-bin/koha/opac-detail.pl?biblionumber=10821
_yKatalog online BPK
942 _2UKD
_cKS
999 _c10821
_d10821